ZTM Gdańsk - 126 - Statystyki

Ogólne statystyki
  • Ten quiz został rozwiązany 19 razy
  • Średni wynik to 23 z 33
Statystyki odpowiedzi
Miejscowość Ulica Przystanek % Poprawnych
Gdańsk Budowlanych Budowlanych
90%
Gdańsk Nowatorów Bysewo
90%
Gdańsk Słowackiego Galeria Bałtycka
90%
Gdańsk Słowackiego Harfowa
90%
Banino Lotnicza Pszenna
90%
Gdańsk Słowackiego Trawki
90%
Żukowo Parkowa Urząd Gminy
90%
Gdańsk Plac Kołodziejskiego Wrzeszcz PKP
90%
Gdańsk Budowlanych Agrarna
80%
Gdańsk Żołnierzy Wyklętych Cmentarz Srebrzysko
80%
Gdańsk Nowatorów Nowatorów
80%
Gdańsk Słowackiego Potokowa
80%
Gdańsk Słowackiego Słowackiego Działki
80%
Gdańsk Żołnierzy Wyklętych Zabytkowa
80%
Gdańsk Budowlanych Matarnia PKM
70%
Gdańsk Budowlanych Sąsiedzka
70%
Banino Lotnicza Szkoła
70%
Żukowo Droga Krajowa nr 20/Gdyńska Dworcowa
60%
Małkowo Droga Krajowa nr 20/Gdyńska Gdyńska
60%
Gdańsk Nowatorów Kosmonautów
60%
Gdańsk Nowatorów Ogrody Działkowe "Rębiechowo" I
60%
Gdańsk Nowatorów Ogrody Działkowe "Rębiechowo" II
60%
Gdańsk Nowatorów Ogrody Działkowe "Rębiechowo" III
60%
Gdańsk Nowatorów Przyrodników
60%
Gdańsk Nowatorów Rakietowa
60%
Banino Lotnicza Borowiecka
50%
Żukowo Droga Krajowa nr 20/Gdyńska Derdowskiego
50%
Rębiechowo Gdańska Piaskowa
50%
Rębiechowo Lotnicza PKP
50%
Miszewo Droga Krajowa nr 20/Gdyńska Przodkowska
50%
Miszewo Droga Krajowa nr 20/Gdyńska Rolnicza
50%
Żukowo Droga Krajowa nr 20/Gdyńska Słoneczna
50%
Gdańsk Nowatorów Zbieżna
50%
Nie znaleziono quizów pasujących do podanych kryteriów
Rozkład punktacji
Procent ludzi z każdym wynikiem
Percentyl według liczby udzielonych odpowiedzi
Twoja historia wyników
Nie rozwiązałeś tego quizu